| 000 | 00492cam a2200205ua 4500 | ||
|---|---|---|---|
| 001 | 7219 | ||
| 008 | 141204n ii |||gr||||Z||||||eng | ||
| 020 | _a007096520X | ||
| 040 | _cMAIN | ||
| 041 | _aeng | ||
| 082 | _a658.3 | ||
| 100 |
_aMonappa, A., _eAuthor. |
||
| 245 | 1 |
_aPersonnel management _cBy Arun Monappa |
|
| 250 | _a1st. | ||
| 260 |
_aNew Delhi: _bMcgraw-hill, _c1994. |
||
| 300 | _a327p. | ||
| 653 | _aPersonnel management | ||
| 700 |
_aSaiyadain, M.S., _eAuthor. |
||
| 942 | _cBK | ||
| 999 |
_c6344 _d6344 |
||